Visualizzazione normale
Vista MARC
- Ufficio per la pastorale della famiglia
di Personal Name
Records bibliografici associati: 4
001 - CONTROL NUMBER
- control field: 59337
003 - CONTROL NUMBER IDENTIFIER
- control field:
005 - DATE AND TIME OF LATEST TRANSACTION
- control field: 20230206121135.0
008 - FIXED-LENGTH DATA ELEMENTS
- fixed length control field: 230206|| aca||aabn | a|a d
040 ## - CATALOGING SOURCE
- Original cataloging agency:
- Transcribing agency:
100 ## - HEADING--PERSONAL NAME
- Personal name: Ufficio per la pastorale della famiglia
670 ## - SOURCE DATA FOUND
- Source citation: Work cat.: ()359603: Ufficio per la pastorale della famiglia, Educare la famiglia, bene comune, 2017